000 00364nam a2200133Ia 4500
005 20260326235456.0
008 260326s9999||||xx |||||||||||||| ||und||
100 _aBarco Botero, Carolina
245 0 _aGuía Turística de Suba /
_cCarolina Barco Botero
260 _bAlcaldía Mayor de Bogotá
300 _a125 p.
650 _aARQUITECTURA REGIONAL
942 _cBK
999 _c7945
_d7945